El procedimiento administrativo
Saved in:
| Hovedforfatter: | |
|---|---|
| Format: | Bog |
| Sprog: | spansk |
| Udgivet: |
Santiago
LexisNexis
2003
|
| Fag: | |
| Tags: |
Tilføj Tag
Ingen Tags, Vær først til at tagge denne postø!
|
MARC
| LEADER | 00000nam a2200000 a 4500 | ||
|---|---|---|---|
| 001 | UCL2318 | ||
| 003 | CL-VaPUC | ||
| 008 | 031017e20030000CL |||||||||||||||||spa|d | ||
| 020 | |a 9562384268 | ||
| 082 | 0 | 4 | |a 342.83066 |b COR |2 21 |
| 100 | 0 | |a Cordero Vega, Luis Alberto |e author |9 479406 | |
| 245 | 1 | 3 | |a El procedimiento administrativo |
| 300 | |a 228 p | ||
| 942 | |c BK | ||
| 945 | |d 20031017 00:00:00 |a cmena | ||
| 260 | |a Santiago |b LexisNexis |c 2003 | ||
| 650 | 0 | |a Derecho administrativo |9 254851 | |
| 650 | 0 | |a Procedimiento administrativo |9 256132 | |
| 650 | 0 | |a Administración pública |9 255343 | |
| 650 | 7 | |a DERECHO CHILENO |2 CL-VaPUC |9 479407 | |
| 583 | |a last modification |c 20111214 12:06:55 |k Rodrigo Vera | ||
| 999 | |c 305659 |d 305657 | ||
| 952 | |0 0 |1 0 |4 0 |6 342_830660000000000_COR_2003 |7 0 |8 A |9 369833 |a BIBDER |b BIBDER |d 2019-11-21 |i 3951200 |o 342.83066 COR 2003 |p 3951200 |r 2023-01-25 |w 2019-11-21 |y BK |k DER | ||
| 952 | |0 0 |1 0 |4 0 |6 342_830660000000000_COR_2003 |7 0 |8 A |9 369834 |a BIBDER |b BIBDER |d 2019-11-21 |i 4090144 |l 3 |m 3 |o 342.83066 COR 2003 |p 4090144 |r 2023-01-25 |s 2022-08-27 |w 2019-11-21 |y BK |k DER | ||